000 00530nam a2200193Ia 4500
005 20250326142424.0
008 250326s9999 xx 000 0 und d
037 _aTextbook
040 _aFMSL
_beng
_cFMSL
041 _aeng
_2eng
084 _qFMSL
100 _aReeder R R
_9743169
245 0 _aIndustrial marketing: Analysis planning control
_cReeder R R And Others
250 _aEd 2
260 _aNew Delhi
_bNew Delhi, Prentice Hall of India
_c1997
300 _a591p
942 _cTB
999 _c1294943
_d1294943